Statistics for Basic Māori Words

Click here to take the quiz!

General Stats

  • This quiz has been taken 102 times
  • The average score is 13 of 21

Answer Stats

HintAnswer% Correct
Hi, Hello, ThanksKia ora
94%
New ZealandAotearoa
90%
war dancehaka
85%
foodkai
79%
Europeans, Non-Māoripākehā
77%
tribeiwi
76%
lovearoha
74%
WelcomeHaere mai
71%
the languagete reo
71%
oceanmoana
69%
(extended) familywhānau
65%
mountainmaunga
61%
waterwai
55%
Mount CookAoraki
53%
landwhenua
53%
genealogywhakapapa
52%
skyrangi
47%
sub-tribehapū
40%
WelcomeNau mai
27%
islandmotu
26%
second lakeroto rua
23%

Score Distribution

Percentile by Number Answered

Percent of People with Each Score

Your Score History

You have not taken this quiz